| 000 | 00525cam a2200205ua 4500 | ||
|---|---|---|---|
| 020 | _a81-224-0760-9 | ||
| 041 |
_aeng _h |
||
| 082 |
_a025.04 _bCHO/TE |
||
| 100 | _aChowdhury, G G . | ||
| 245 |
_aText retrieval systems in information management / _cG G Chowdhury. _hTextual Documents |
||
| 250 |
_a1 / _b. |
||
| 260 |
_aNew Delhi : _bNew Age International Ltd , _c1996. |
||
| 300 | _a211 ; . | ||
| 500 | _a*CSS | ||
| 504 | _a | ||
| 942 | _cBK | ||
| 999 |
_c5737 _d5737 |
||